LEADER 01443nam a2200325 i 4500 001 000000033293 003 CaOOAMICUS 005 20180830125450.0 008 180830s1795 it u000 u ita u 040 $aSeMil$bita 245 10$aHistoire des Suisses, traduite de l'Allemand de Jean Muller. Continuée par P. H. Mallet ... Tome 1. [-12.]. 260 $aA Paris :$bBossange, Masson & Besson,$cAn III. de la Rép. Fr. (1795) 260 $aA Lausanne en Suisse :$bChez J. Mourer,$cAn III. de la Rép. Fr. (1795) 300 $a12 v. ;$c8°. 650 4$aSvizzeri - Storia.$0(OLS)http://semarc/subject/44592 774 0 $tTome 1.$g1$w()85616 774 0 $tTome 3.$g3$w()258409 774 0 $tTome 2.$g2$w()258410 774 0 $tTome 5.$g5$w()258412 774 0 $tTome 4.$g4$w()258413 774 0 $tTome 7.$g7$w()258414 774 0 $tTome 6.$g6$w()258415 774 0 $tTome 8.$g8$w()258416 774 0 $tTome 9.$g9$w()258417 774 0 $tTome 11. Et second de la continuation.$g11$w()258418 774 0 $tTome 10. Et premier de la continuation.$g10$w()258419 774 0 $tTome 12.$g12$w()258420 996 $6245$aHistoire des Suisses, traduite de l'Allemand de Jean Muller. Continuée par P. H. Mallet ... Tome 1. [-12.]$9(OLS)http://semarc/title/402061 996 $6260$aA Lausanne en Suisse :$bChez J. Mourer$9(OLS)http://semarc/publisher/56192 996 $6260$aA Paris :$bBossange, Masson & Besson$9(OLS)http://semarc/publisher/56193 LEADER 01131nam a2200229 i 4500 001 000000041896 003 CaOOAMICUS 005 20150624000000.0 008 150624s1883 it u000 u ita u 013 $a13066 040 $aSeMil$bita 100 1 $aFrassinetti, Giovanni.$0(OLS)http://semarc/name/20667 245 10$aSecondo corso di omelie morali sui Vangeli delle domeniche, sermoni di massima per quelle di Quaresima e nuovi discorsi /$cpel sac. Giovanni Frassinetti. 260 $aGenova :$bTipografia Arcivescovile,$c1883. 300 $aVII, 534 p. ;$c20 cm. 650 4$aQuaresima - Predicazione.$0(OLS)http://semarc/subject/3053 650 4$aBibbia - NT - Vangeli - Omelie, Sermoni, etc.$0(OLS)http://semarc/subject/1678 850 $aSeMil 852 $aSeMil$W1$xVenegono$y1$m3F III 111 FA$j8051$B8051$CSeMilBibl$Z2$F8051 $8I 961 $aOmaggio: Deposito 996 $6245$aSecondo corso di omelie morali sui Vangeli delle domeniche, sermoni di massima per quelle di Quaresima e nuovi discorsi$9(OLS)http://semarc/title/60890 996 $6260$aGenova :$bTipografia Arcivescovile$9(OLS)http://semarc/publisher/40274